Loading...
| History - Other | 0 | 5 | 0 | 3 | 50 | 40 | 92.60 | 1 | 2 | 0.00 | 0.00 |
| History - American | 0 | 5 | 1 | 1 | 45 | 66 | 90.40 | 0 | 2 | 0.00 | 0.00 |
| History - European | 0 | 4 | 0 | 1 | 40 | 81 | 109.25 | 1 | 3 | 0.00 | 0.00 |
| Social Science | 0 | 3 | 0 | 1 | 30 | 67 | 91.67 | 0 | 1 | 0.00 | 0.00 |
| Religion | 0 | 3 | 0 | 1 | 30 | 47 | 89.67 | 1 | 1 | 0.00 | 0.00 |
| Fine Arts - Other | 0 | 3 | 0 | 0 | 30 | 48 | 96.00 | 2 | 2 | 0.00 | 0.00 |
| History - World | 0 | 2 | 0 | 0 | 20 | 55 | 62.00 | 0 | 1 | 0.00 | 0.00 |
| Mythology | 0 | 2 | 0 | 1 | 20 | 68 | 101.50 | 0 | 0 | 0.00 | 0.00 |
| Geography/Current Events | 0 | 2 | 0 | 1 | 20 | 93 | 110.50 | 0 | 1 | 0.00 | 0.00 |
| Fine Arts - Visual | 0 | 2 | 0 | 0 | 20 | 58 | 88.50 | 0 | 1 | 0.00 | 0.00 |
| Science - Other | 0 | 1 | 0 | 0 | 10 | 56 | 56.00 | 0 | 0 | 0.00 | 0.00 |